Eastern Utah Libraries Catalog: Duchesne, Heber, Roosevelt, & Vernal

What monstrous gods / (Record no. 394883)

MARC details
000 -LEADER
fixed length control field 01510pam a2200361 i 4500
001 - CONTROL NUMBER
control field BK0030635726
005 - DATE AND TIME OF LATEST TRANSACTION
control field 20240329105230.0
008 - FIXED-LENGTH DATA ELEMENTS--GENERAL INFORMATION
fixed length control field 240219s2024 nyu d 000 1 eng d
010 ## - LIBRARY OF CONGRESS CONTROL NUMBER
LC control number bl2024004384
020 ## - INTERNATIONAL STANDARD BOOK NUMBER
International Standard Book Number 9780062869135 : HRD
Terms of availability 19.99
020 ## - INTERNATIONAL STANDARD BOOK NUMBER
International Standard Book Number 0062869132 : HRD
Terms of availability 19.99
Qualifying information hc.
037 ## - SOURCE OF ACQUISITION
Source of stock number/acquisition Harpercollins Childrens Books, Attn Elaine Nealon 30 Ed Preate Dr Ste 106, Moosaic, PA, USA, 18507
Note SAN 200-2086
040 ## - CATALOGING SOURCE
Original cataloging agency NjBwBT
Language of cataloging eng
Transcribing agency NjBwBT
Description conventions rda
Modifying agency NjBwBT
-- GCmBT
050 14 - LIBRARY OF CONGRESS CALL NUMBER
Classification number PZ7.H66144
Item number Wh 2024
082 04 - DEWEY DECIMAL CLASSIFICATION NUMBER
Classification number [Fic]
Edition number 23/eng/20240219
092 ## - LOCALLY ASSIGNED DEWEY CALL NUMBER (OCLC)
Classification number FIC
100 1# - MAIN ENTRY--PERSONAL NAME
Personal name Hodge, Rosamund,
Relator term author.
9 (RLIN) 6066010
245 10 - TITLE STATEMENT
Title What monstrous gods /
Statement of responsibility, etc Rosamund Hodge.
250 ## - EDITION STATEMENT
Edition statement First edition.
264 #1 - Production, Publication, Distribution, Manufacture, and Copyright Notice.
Place of production, publication, distribution, manufacture New York, NY :
Name of producer, publisher, distributor, manufacturer Balzer + Bray, an imprint of HarperCollinsPublishers,
Date of production, publication, distribution, manufacture, or copyr [2024]
300 ## - PHYSICAL DESCRIPTION
Extent 350 pages ;
Dimensions 22 cm
336 ## - Content Type
Content type term text
337 ## - Media type
Media type term unmediated
338 ## - Carrier type
Carrier type term volume
520 ## - SUMMARY, ETC.
Summary, etc "After killing Ruven, a heretic sorcerer, and waking the royal family from an enchanted sleep, Lia, born with a miraculous gift, must marry Prince Araunn and forge a pact with a god--or die, discovering the boy she killed may be her only hope of survival"--
-- Provided by publisher.
655 #7 - INDEX TERM--GENRE/FORM
Genre/form data or focus term Novels.
Source of term lcgft
650 #1 - SUBJECT ADDED ENTRY--TOPICAL TERM
Topical term or geographic name as entry element Wizards
Form subdivision Fiction.
9 (RLIN) 5673726
650 #1 - SUBJECT ADDED ENTRY--TOPICAL TERM
Topical term or geographic name as entry element Magic
Form subdivision Fiction.
9 (RLIN) 5673694
650 #1 - SUBJECT ADDED ENTRY--TOPICAL TERM
Topical term or geographic name as entry element Princes
Form subdivision Fiction.
9 (RLIN) 5678712
650 #1 - SUBJECT ADDED ENTRY--TOPICAL TERM
Topical term or geographic name as entry element Marriage
Form subdivision Fiction.
9 (RLIN) 5675032
650 #1 - SUBJECT ADDED ENTRY--TOPICAL TERM
Topical term or geographic name as entry element Fate and fatalism
Form subdivision Fiction.
9 (RLIN) 5691628
650 #1 - SUBJECT ADDED ENTRY--TOPICAL TERM
Topical term or geographic name as entry element Fantasy.
Holdings
Withdrawn status Lost status Source of classification or shelving scheme Damaged status Not for loan Collection code Home library Current library Shelving location Date acquired Source of acquisition Total Checkouts Total Renewals Full call number Barcode Date last seen Date checked out Cost, replacement price Price effective from Koha item type
    Dewey Decimal Classification     Young Adult Fiction Wasatch County Library Wasatch County Library Main Floor Teen Area 04/09/2024 Micromarketing 2 3 YA Hodge 34301002071712 02/25/2026 02/04/2026 19.99 04/09/2024 BOOK
This project was made possible through a grant from the Institute of Museum and Library Service administered by the Utah State Library Division.

Wasatch County Library

  • 465 East 1200 South, Heber City, Utah 84032
  • Phone 435-654-1511 | Fax 435-654-6456

Hours

  • Monday - Friday 9:30 AM - 8:00 PM
  • Saturday 9:30 AM - 1:30 PM
  • Closed Sundays and Holidays